[Event "AUTO-INT-2045"]
[Site "http://www.queenalice.com/game.php?id=943094"]
[Date "2011.5.27"]
[Round "1"]
[White "flopp"]
[Black "rocha"]
[Result "1-0"]
[WhiteElo "1563"]
[BlackElo "1637"]

1. e4 e5 2. Nf3 d6 3. d4 f6 4. d5 a6 5. h3 h6 6. Be2 Qe7 7. c4 f5 8. Nc3 f4 9.
b4 c6 10. a4 b6 11. Ba3 c5 12. bxc5 bxc5 13. Rb1 Bb7 14. Qb3 Ra7 15. Nh2 Nf6 16.
Ng4 Qc7 17. Nxf6+ gxf6 18. Bg4 Rh7 19. Be6 Bc8 20. Qxb8 Kd8 21. Bxc8 Qxc8 22.
Qxc8+ Kxc8 23. Kd2 Rhg7 24. Rhg1 Be7 25. f3 Bd8 26. Ne2 Ba5+ 27. Kd3 Kd7 28. Bb2
Bb4 29. Bc3 a5 30. g3 Rb7 31. Rb2 Kc7 32. gxf4 Rxg1 33. Nxg1 Bxc3 34. Kxc3 Rb4
35. fxe5 dxe5 36. Rxb4 axb4+ 37. Kb3 Kd6 38. a5 Kc7 39. a6 Kb6 40. d6 Kxa6 41.
d7 1-0

[Event "AUTO-OPEN-2388"]
[Site "http://www.queenalice.com/game.php?id=949131"]
[Date "2011.6.13"]
[Round "1"]
[White "amarkin"]
[Black "flopp"]
[Result "1-0"]
[WhiteElo "2451"]
[BlackElo "1579"]

1. Nc3 e5 2. Nf3 Nc6 3. d4 exd4 4. Nxd4 Nxd4 5. Qxd4 Nf6 6. e4 d6 7. Bf4 Be7 8.
Bb5+ Bd7 9. Bxd7+ Qxd7 10. O-O-O O-O 11. e5 Ne8 12. Rhe1 Qg4 13. Nd5 Bg5 14.
Bxg5 Qxg5+ 15. f4 Qd8 16. exd6 Nxd6 17. Ne7+ Kh8 18. f5 Nb5 19. Qh4 Qb8 20. f6
g6 21. Rd3 Nd6 22. Qxh7+ 1-0

[Event "AUTO-OPEN-2388"]
[Site "http://www.queenalice.com/game.php?id=949132"]
[Date "2011.6.13"]
[Round "1"]
[White "flopp"]
[Black "amarkin"]
[Result "0-1"]
[WhiteElo "1577"]
[BlackElo "2478"]

1. e4 c5 2. Nc3 e6 3. d3 d5 4. exd5 exd5 5. Nf3 Nc6 6. Be2 d4 7. Ne4 f5 8. Ng3
Nf6 9. Bg5 Be7 10. O-O O-O 11. Re1 h6 12. Bd2 g5 13. h3 Be6 14. c3 f4 15. Ne4
Nxe4 16. dxe4 d3 17. Bf1 c4 18. Nh2 Bc5 19. Qh5 Bxf2+ 20. Kh1 Kh7 21. Ng4 Bxg4
22. Qxg4 Bxe1 23. Rxe1 Ne5 24. Qe2 dxe2 25. Bxe2 Qxd2 0-1

[Event "AUTO-OPEN-2436"]
[Site "http://www.queenalice.com/game.php?id=969522"]
[Date "2011.8.6"]
[Round "1"]
[White "flopp"]
[Black "Neil_Macd"]
[Result "0-1"]
[WhiteElo "1535"]
[BlackElo "1361"]

1. e4 e6 2. d4 Nc6 3. Nf3 Nf6 4. Bd3 Be7 5. O-O b6 6. Bd2 d5 7. e5 Ne4 8. Re1
Nxd2 9. Nbxd2 Bb7 10. c3 O-O 11. Qc2 g6 12. Nf1 Re8 13. Ng3 Bf8 14. h3 Bg7 15.
Nh2 Ne7 16. f4 c5 17. Ng4 c4 18. Be2 h5 19. Nf6+ Bxf6 20. exf6 Nf5 21. Nxf5 exf5
22. Bf3 Qxf6 23. g3 h4 0-1

[Event "AUTO-OPEN-2436"]
[Site "http://www.queenalice.com/game.php?id=969523"]
[Date "2011.8.6"]
[Round "1"]
[White "Neil_Macd"]
[Black "flopp"]
[Result "1-0"]
[WhiteElo "1217"]
[BlackElo "1535"]

1. d4 d5 2. Nf3 c6 3. Nc3 Bf5 4. e3 Nd7 5. Bd3 Bxd3 6. Qxd3 Ngf6 7. O-O e6 8. e4
dxe4 9. Nxe4 Nxe4 10. Qxe4 Be7 11. Ne5 Nxe5 12. Qxe5 Bf6 13. Qe4 O-O 14. Qg4
Qxd4 15. Qxd4 Bxd4 16. c3 Bb6 17. Be3 Rfd8 18. a4 Bxe3 19. fxe3 Rd2 20. b4 Rd3
21. Rac1 Rxe3 22. c4 Rd8 23. b5 Ra3 24. Rfd1 1-0

[Event "AUTO-OPEN-2436"]
[Site "http://www.queenalice.com/game.php?id=969524"]
[Date "2011.8.6"]
[Round "1"]
[White "flopp"]
[Black "DanPessegueiro"]
[Result "1-0"]
[WhiteElo "1608"]
[BlackElo "1138"]

1. e4 e6 2. d4 c5 3. Nf3 d5 4. exd5 exd5 5. Be3 Nd7 6. Bb5 a6 7. Bxd7+ Bxd7 8.
O-O b6 9. dxc5 bxc5 10. Qxd5 Rb8 11. Re1 Nf6 12. Qe5+ Be7 13. Bxc5 Rb5 14. Qxe7+
Qxe7 15. Rxe7+ Kf8 16. Rxd7+ Ke8 17. Ra7 Rxc5 18. Ra8+ 1-0

[Event "AUTO-OPEN-2436"]
[Site "http://www.queenalice.com/game.php?id=969525"]
[Date "2011.8.6"]
[Round "1"]
[White "DanPessegueiro"]
[Black "flopp"]
[Result "1-0"]
[WhiteElo "1182"]
[BlackElo "1565"]

1. e4 e5 2. Bc4 Nf6 3. g4 d5 4. exd5 Nxd5 5. Qf3 Be6 6. Nc3 c6 7. Nh3 h6 8. Bxd5
cxd5 9. d3 Bb4 10. a3 Ba5 11. b4 Bc7 12. Nb5 Nd7 13. g5 a6 14. Nxc7+ Qxc7 15.
Bd2 Qxc2 16. Rc1 Qa4 17. gxh6 gxh6 18. Qh5 Qxa3 19. O-O Qa4 20. d4 e4 21. f3 Nb6
22. Nf4 Qd7 23. fxe4 dxe4 24. Be3 Nd5 25. Nxd5 Qxd5 26. Qh4 Kd7 27. Rc5 Qd6 28.
Qf6 b6 29. Rc3 Rhg8+ 30. Kh1 Rg6 31. Qh4 Qxb4 32. Rfc1 Qd6 33. Rc6 Qb8 34. Rc7+
Qxc7 35. Rxc7+ Kxc7 36. Qxe4 Rd8 37. h4 1-0

[Event "AUTO-OPEN-2449"]
[Site "http://www.queenalice.com/game.php?id=974233"]
[Date "2011.8.19"]
[Round "1"]
[White "flopp"]
[Black "JonasAlves"]
[Result "0-1"]
[WhiteElo "1533"]
[BlackElo "1440"]

1. e4 e5 2. Nf3 Nc6 3. Bc4 Nf6 4. Ng5 Qe7 5. Nxf7 Rg8 6. Ng5 h6 7. Bxg8 Nxg8 8.
Qh5+ Kd8 9. Nf7+ Ke8 10. Nxe5+ Kd8 11. Nxc6+ dxc6 12. Qe2 Nf6 13. Nc3 Bg4 14. f3
Bh5 15. d4 Qe6 16. O-O g5 17. Be3 Bb4 18. Rad1 Bxc3 19. bxc3 Nxe4 20. g4 Nxc3
0-1

[Event "AUTO-OPEN-2449"]
[Site "http://www.queenalice.com/game.php?id=974234"]
[Date "2011.8.19"]
[Round "1"]
[White "JonasAlves"]
[Black "flopp"]
[Result "1-0"]
[WhiteElo "1465"]
[BlackElo "1533"]

1. e4 e5 2. Nc3 Nc6 3. Nf3 Nf6 4. Bc4 Bb4 5. Nd5 Ba5 6. Nxf6+ Qxf6 7. O-O O-O 8.
d4 Bb6 9. d5 Na5 10. Bg5 Qd6 11. Bb5 c6 12. dxc6 Qxd1 13. Raxd1 Nxc6 14. Rd2 f6
15. Bh4 a6 16. Ba4 Ba5 17. Rd3 b5 18. Bb3+ Kh8 19. Rfd1 Nd4 20. Nxd4 1-0

[Event "AUTO-OPEN-2449"]
[Site "http://www.queenalice.com/game.php?id=974235"]
[Date "2011.8.19"]
[Round "1"]
[White "flopp"]
[Black "PawnOne"]
[Result "0-1"]
[WhiteElo "1535"]
[BlackElo "1944"]

1. e4 e5 2. Nf3 Nc6 3. Bb5 a6 4. Ba4 Nf6 5. O-O b5 6. Bb3 Be7 7. c3 O-O 8. d3 d5
9. Be3 dxe4 10. dxe4 Nxe4 11. Nbd2 Bf5 12. Re1 Nxd2 13. Nxd2 Qd7 14. Qf3 Bg4 15.
Qg3 Bd6 16. Ne4 Be7 17. Rad1 Bxd1 18. Rxd1 Qf5 19. Bc2 Qg6 20. Qxg6 fxg6 0-1

[Event "AUTO-OPEN-2449"]
[Site "http://www.queenalice.com/game.php?id=974236"]
[Date "2011.8.19"]
[Round "1"]
[White "PawnOne"]
[Black "flopp"]
[Result "1-0"]
[WhiteElo "1937"]
[BlackElo "1610"]

1. e4 e5 2. Nf3 Nc6 3. Bc4 Nf6 4. Nc3 h6 5. a3 d6 6. d4 exd4 7. Nxd4 Nxd4 8.
Qxd4 Be7 9. O-O O-O 10. Qd3 Be6 11. Bxe6 fxe6 12. Qg3 Nh7 13. Bxh6 Bg5 14. Bxg7
Kxg7 15. h4 Rf4 16. hxg5 1-0

[Event "AUTO-OPEN-2451"]
[Site "http://www.queenalice.com/game.php?id=974975"]
[Date "2011.8.20"]
[Round "1"]
[White "mowliid12"]
[Black "flopp"]
[Result "1-0"]
[WhiteElo "1338"]
[BlackElo "1529"]

1. d4 d5 2. c4 c6 3. e3 Nf6 4. Nf3 Bg4 5. Nc3 e6 6. Qb3 Qb6 7. Ne5 Bh5 8. cxd5
exd5 9. Bd3 Nbd7 10. Nxd7 Nxd7 11. O-O Bd6 12. f4 O-O 13. Qc2 Bg6 14. f5 Bh5 15.
Qf2 Qc7 16. Qh4 g6 17. g4 1-0

[Event "AUTO-OPEN-2451"]
[Site "http://www.queenalice.com/game.php?id=974976"]
[Date "2011.8.20"]
[Round "1"]
[White "flopp"]
[Black "mowliid12"]
[Result "0-1"]
[WhiteElo "1505"]
[BlackElo "1362"]

1. e4 c5 2. Nc3 Nc6 3. d3 d6 4. g3 g6 5. Bg2 Bg7 6. Nge2 Nf6 7. h3 O-O 8. Be3
Rb8 9. O-O b5 10. Rb1 a5 11. Nd5 Ne5 12. Kh2 Be6 13. f4 Ned7 14. c4 Bxd5 15.
cxd5 a4 16. b3 a3 17. d4 e6 18. dxe6 fxe6 0-1

[Event "AUTO-OPEN-2451"]
[Site "http://www.queenalice.com/game.php?id=974997"]
[Date "2011.8.20"]
[Round "1"]
[White "roughneck_mofo"]
[Black "flopp"]
[Result "1-0"]
[WhiteElo "1462"]
[BlackElo "1607"]

1. d4 d5 2. Bf4 Nf6 3. e3 c6 4. Bd3 Bg4 5. Qd2 Nbd7 6. h3 Bh5 7. Nc3 e6 8. Na4
a5 9. g4 Bg6 10. Nf3 b5 11. Nc5 Nxc5 12. dxc5 Bxc5 13. Bxg6 hxg6 14. O-O-O Ne4
15. Qe1 a4 16. Ne5 Qb6 17. f3 Nf6 18. e4 d4 19. h4 Rd8 20. Nd3 b4 21. Be5 Nd7
22. Bxg7 1-0

[Event "AUTO-OPEN-2451"]
[Site "http://www.queenalice.com/game.php?id=974998"]
[Date "2011.8.20"]
[Round "1"]
[White "flopp"]
[Black "roughneck_mofo"]
[Result "0-1"]
[WhiteElo "1585"]
[BlackElo "1484"]

1. e4 d5 2. exd5 Qxd5 3. Nc3 Qe5+ 4. Qe2 Qe6 5. d3 Qxe2+ 6. Ngxe2 e6 7. Bf4 Nc6
8. g3 Nb4 9. O-O-O Nf6 10. Bg2 Ng4 11. h3 Nxf2 12. Bxc7 Nxd1 13. Rxd1 Be7 14. a3
Na6 15. Bf4 h6 16. Nd4 O-O 17. Nf3 f6 18. g4 e5 19. Be3 Bd7 20. Nd2 Rab8 21. Nd5
Bd6 22. Nc3 f5 0-1

[Event "AUTO-OPEN-2451"]
[Site "http://www.queenalice.com/game.php?id=975011"]
[Date "2011.8.20"]
[Round "1"]
[White "flopp"]
[Black "SirKnight"]
[Result "0-1"]
[WhiteElo "1531"]
[BlackElo "2007"]

1. e4 e5 2. Nf3 Nc6 3. Bb5 Nf6 4. O-O Bc5 5. c3 d6 6. d3 Bd7 7. Bg5 Ne7 8. Bxd7+
Nxd7 9. d4 Bb6 10. Nbd2 h6 0-1